UBT Library

Floriculture : (Record no. 38925)

000 -LEADER
fixed length control field 00736cam a22002294a 4500
001 - CONTROL NUMBER
control field 11974705
005 - DATE AND TIME OF LATEST TRANSACTION
control field 20171214045409.0
008 - FIXED-LENGTH DATA ELEMENTS--GENERAL INFORMATION
fixed length control field 000413s2002 nyu j 001 0 eng
010 ## - LIBRARY OF CONGRESS CONTROL NUMBER
LC control number 00030685
020 ## - INTERNATIONAL STANDARD BOOK NUMBER
International Standard Book Number 0766815609
040 ## - CATALOGING SOURCE
Original cataloging agency DLC
Transcribing agency DLC
Modifying agency DLC
041 ## - LANGUAGE CODE
Language code of text/sound track or separate title eng
042 ## - AUTHENTICATION CODE
Authentication code pcc
-- lcac
080 ## - UNIVERSAL DECIMAL CLASSIFICATION NUMBER
Universal Decimal Classification number 745.92 GRI
082 00 - DEWEY DECIMAL CLASSIFICATION NUMBER
Classification number 745.92 GRI
Edition number 21
100 1# - Rafti
Rafti 10
101 ## - Shkurtesa
Shkurtesa MJE
245 10 - TITLE STATEMENT
Title Floriculture :
Statement of responsibility, etc Charles Griner.
906 ## - LOCAL DATA ELEMENT F, LDF (RLIN)
a 7
b cbc
c orignew
d 1
e ocip
f 20
g y-gencatlg
942 ## - ADDED ENTRY ELEMENTS (KOHA)
Source of classification or shelving scheme
Item type Books
Holdings
Withdrawn status Lost status Source of classification or shelving scheme Damaged status Not for loan Permanent location Current location Date acquired Total Checkouts Full call number Barcode Date last seen Price effective from Koha item type
          UBT - Lipjan UBT - Lipjan 12/14/2017   745.92 GRI 002-2939038 12/14/2017 12/14/2017 Books
UBT Library © 2015-2024. All rights reserved University Education for Business and Technology